Systems Engineering and analysis. (Record no. 5011)

MARC details
000 -LEADER
fixed length control field 00547nam a22002057a 4500
003 - CONTROL NUMBER IDENTIFIER
control field OSt
005 - DATE AND TIME OF LATEST TRANSACTION
control field 20160816184406.0
008 - FIXED-LENGTH DATA ELEMENTS--GENERAL INFORMATION
fixed length control field 160816b xxu||||| |||| 00| 0 eng d
020 ## - INTERNATIONAL STANDARD BOOK NUMBER
International Standard Book Number 9780137148431
040 ## - CATALOGING SOURCE
Transcribing agency DDC.
082 ## - DEWEY DECIMAL CLASSIFICATION NUMBER
Classification number 033BLA 2011
100 ## - MAIN ENTRY--PERSONAL NAME
Personal name Blanchard,S.Benjamin;Fabrycky,J.Wolter;
9 (RLIN) 10737
245 ## - TITLE STATEMENT
Title Systems Engineering and analysis.
250 ## - EDITION STATEMENT
Edition statement 5th ed.
260 ## - PUBLICATION, DISTRIBUTION, ETC. (IMPRINT)
Place of publication, distribution, etc. Boston.
Name of publisher, distributor, etc. Peason.
Date of publication, distribution, etc. 2011.
300 ## - PHYSICAL DESCRIPTION
Extent 800p;
Other physical details ill;
Dimensions 24cm.
504 ## - BIBLIOGRAPHY, ETC. NOTE
Bibliography, etc includes index.
650 ## - SUBJECT ADDED ENTRY--TOPICAL TERM
Topical term or geographic name as entry element Systems Engineering.
9 (RLIN) 10738
942 ## - ADDED ENTRY ELEMENTS (KOHA)
Source of classification or shelving scheme Dewey Decimal Classification
Koha item type Open Shelf
Holdings
Withdrawn status Lost status Source of classification or shelving scheme Damaged status Not for loan Home library Current library Date acquired Source of acquisition Inventory number Total Checkouts Full call number Barcode Date last seen Koha item type
    Dewey Decimal Classification     Main Kihumuro Campus Main Kihumuro Campus 16/08/2016 Purchase 11/33415   003BLA 2011 2016-3673 16/08/2016 Open Shelf
    Dewey Decimal Classification     Main Kihumuro Campus Main Kihumuro Campus 30/08/2016 Purchase 11/33410   003BLA 2011 2016-3930 30/08/2016 Open Shelf
    Dewey Decimal Classification     Main Kihumuro Campus Main Kihumuro Campus 01/09/2016 Purchase 11/33413   033BLA 2011 2016-3987 01/09/2016 Open Shelf
    Dewey Decimal Classification     Main Kihumuro Campus Main Kihumuro Campus 07/02/2024 Purchase 11/33416   003BLA 2011 2024-0028 07/02/2024 Open Shelf